000 02287nam a2200229Ia 4500
999 _c51611
_d51611
001 18602
003 GE_BSU
005 20200214112041.0
008 181216s2008ge xx |||||||||||||| ||geo||
040 _cGE_BSU
041 _ageo
080 _a341.33 ჟ-55
245 _aჟენევის 1949 წლის 12 აგვისტოს კონვენციები და მათი დამატებითი ოქმები
264 _aთბილისი :
_bცნობარი,
_c2008.
300 _a390 გვ ;
_c25 სმ.
653 _aკონვენცია სამხედრო ტყვეებთან მოპყრუბის შესახებ –– ჟენევის 1949 წლის 12 აგვისტოს კონვენციების II დამატებითი ოქმი არასაერთაშორისო შეიარაღებული კონფლიქტების მსხვერპლთა დაცვის შესახებ.
653 _aჟენევის კონვენცია. საერთაშორისო წითელი ჯვარი. დაჭრილებთან და ავადმყოფებთან მოპყრობა.
653 _aსამართალი
653 _aსარჩევი:კონვენცია მოქმედ ჯარში დაჭრილთა და ავადმყოფთა მდგომარეობის გაუმჯობესების შესახებ –– კონვენცია საზღვაო შეიარაღებულ ძალებში დაჭრილთა - ავადმყოფთა და ხომალდის კატასტროფაში მოყოლილ პირთა მდგომარეობის გაუმჯობესების შესახებ -- კონვენცია ომის დროს სამოქალაქო მოსახლეობის დაცვის შესახებ --
710 _eწითელი ჯვრის საერთაშორისო კომიტეტი
_97081
942 _cBK
_2udc